| 000 | 01324nam a2200325 a 4500 | ||
|---|---|---|---|
| 001 | C01475534c-4 | ||
| 003 | CO-ViMGA | ||
| 005 | 20230915233139.0 | ||
| 008 | 150324s2014 ck gr 00010 spa d | ||
| 020 | _a9789588519425 | ||
| 040 |
_aCO-ViMGA _bspa _cCO-ViMGA |
||
| 043 | _as-ck--- | ||
| 082 | 0 | 4 |
_a347.0986 _bJ17m |
| 100 | 1 |
_aJaramillo Lozano, María Carlota del Socorro. _94286 |
|
| 245 | 1 | 0 |
_aManual de derecho procesal civil especial : _bestudio comparado con el Código de Procedimiento Civil y el Código General del Proceso de Colombia : decreto 1400 de 1970, Ley 1395 de 2010 y Ley 1564 de 2012 / _cMaría Carlota del Socorro Jaramillo Lozano. |
| 260 |
_aCali : _bInstitución de Educación Superior UCEVA, _c2014. |
||
| 300 |
_a165 páginas ; _c24 cm. |
||
| 490 | 1 | _aColección textos académicos | |
| 500 | _aIncluye índice. | ||
| 630 | 0 | 4 |
_aDecreto 1400 de 1970 _x Estudios comparados. _94287 |
| 630 | 0 | 4 |
_aLey 1395 de 2010. _94288 |
| 630 | 0 | 4 |
_aLey 1564 de 2012. _94289 |
| 650 | 1 | 4 |
_aDerecho civil _z Colombia. _94291 |
| 650 | 1 | 4 |
_aNulidad (Derecho) _z Colombia. _94293 |
| 650 | 1 | 4 |
_aProcedimiento civil _z Colombia. _94290 |
| 650 | 1 | 4 |
_aProcesos (Derecho) _z Colombia. _94295 |
| 650 | 1 | 4 |
_aProcesos civiles _z Colombia. _94292 |
| 650 | 1 | 4 |
_aPrueba (Derecho) _z Colombia. _94294 |
| 942 |
_cBK _2ddc |
||
| 999 |
_c35719 _d35719 |
||